000 00447 a2200157 4500
003 Nust
005 20170207154013.0
040 _cNust
082 _a004.72
100 _aSevenich, Richard
245 _aAn Introduction to Embedded Programming in a Linux Environment-(EBOOK)
_cRichard Sevenich, Stuart Steiner, Paul Schimpf
260 _aUSA
_bLineo
_c2000
300 _axiv, 186p
650 _aAn Introduction to Embedded Programming
651 _aEBOOK
942 _2ddc
_cBK
999 _c191317
_d191317